| 000 | 00651nam a2200253Ia 4500 | ||
|---|---|---|---|
| 005 | 20250425162620.0 | ||
| 008 | 250425s9999 xx 000 0 und d | ||
| 020 | _a9789978672464 | ||
| 041 | _aspa | ||
| 082 | _a307.72 | ||
| 100 | _aLYALL, ANGUS | ||
| 245 | 0 | _aLOS USOS DE LA MEMORIA: PODER Y RESISTENCIA EN CAYAMBE | |
| 250 | _a1A ED. | ||
| 260 |
_aEcuador _bFLACSO, SEDE ECUADOR: EDICIONES ABYA YALA _c2010 |
||
| 260 | _aS.L. | ||
| 300 | _a155 | ||
| 500 | _aSERIE TESIS | ||
| 650 | _aCAYAMBE | ||
| 650 | _aREFORMA AGRARIA-ECUADOR | ||
| 650 | _aSECTOR FLORICOLA | ||
| 650 | _aSOCIOLOGIA AGRICOLA | ||
| 942 | _c01 | ||
| 010 | _a90492 | ||
| 999 |
_c232893 _d232893 |
||